島根県の市町村(1960年) - Statistics

General Stats
  • This quiz has been taken 51 times
  • The average score is 51 of 62
Answer Stats
No. 市町村 備考 % Correct
1 松江市
100%
2 浜田市
100%
3 出雲市
100%
4 益田市
100%
5 大田市
100%
6 安来市
100%
51 鹿足郡 津和野町
96%
7 江津市
93%
8 平田市 2005年消滅
93%
34 簸川郡 大社町 2005年消滅
93%
35 邇摩郡 温泉津町 2005年消滅
93%
12 八束郡 東出雲町 2011年消滅
89%
24 大原郡 木次町 2004年消滅
89%
25 飯石郡 三刀屋町 2004年消滅
89%
36 邇摩郡 仁摩町 2005年消滅
89%
52 鹿足郡 日原町 2005年消滅
89%
54 鹿足郡 六日市町 2005年消滅
89%
14 八束郡 玉湯町 2005年消滅
86%
15 八束郡 宍道町 2005年消滅
86%
21 仁多郡 横田町 2005年消滅
86%
29 飯石郡 赤来町 2005年消滅
86%
37 邑智郡 川本町
86%
48 那賀郡 三隅町 2005年消滅
86%
60 海士郡 海士村 1969年昇格
86%
61 知夫郡 西ノ島町 1969年郡変更
86%
11 八束郡 美保関町 2005年消滅
82%
16 八束郡 八束村 1970年昇格
82%
18 能義郡 伯太町 2004年消滅
82%
20 仁多郡 仁多町 2005年消滅
82%
22 大原郡 大東町 2004年消滅
82%
26 飯石郡 吉田村 2004年消滅
82%
28 飯石郡 頓原町 2005年消滅
82%
30 簸川郡 斐川村 1965年昇格
82%
32 簸川郡 多伎村 1969年昇格
82%
38 邑智郡 邑智町 2004年消滅
82%
41 邑智郡 瑞穂町 2004年消滅
82%
49 美濃郡 美都町 2004年消滅
82%
53 鹿足郡 柿木村 2005年消滅
82%
62 知夫郡 知夫村 1969年郡変更
82%
10 八束郡 島根村 1969年昇格
79%
33 簸川郡 湖陵村 1969年昇格
79%
42 邑智郡 石見町 2004年消滅
79%
45 那賀郡 金城村 1969年昇格
79%
46 那賀郡 旭町 2005年消滅
79%
47 那賀郡 弥栄村 2005年消滅
79%
50 美濃郡 匹見町 2004年消滅
79%
55 周吉郡 西郷町 1969年郡変更
79%
9 八束郡 鹿島町 2005年消滅
75%
17 能義郡 広瀬町 2004年消滅
75%
23 大原郡 加茂町 2004年消滅
75%
31 簸川郡 佐田村 1969年昇格
75%
40 邑智郡 羽須美村 2004年消滅
75%
43 邑智郡 桜江町 2004年消滅
75%
58 穏地郡 五箇村 1969年郡変更
75%
59 穏地郡 都万村 1969年郡変更
75%
13 八束郡 八雲村 2005年消滅
71%
39 邑智郡 大和村 2004年消滅
71%
27 飯石郡 掛合町 2004年消滅
68%
57 周吉郡 中村 1960年消滅
68%
44 那賀郡 国府町 1969年消滅
64%
56 周吉郡 布施村 1969年郡変更
64%
19 能義郡 布部村 1967年消滅
57%
No matching quizzes found
Score Distribution
Percent of People with Each Score
Percentile by Number Answered
Your Score History
You have not taken this quiz